| 000 | 01286cad a22002535a 4500 | ||
|---|---|---|---|
| 001 | L145198 | ||
| 008 | 080915e20080912xxkd f s 000 0 eng d | ||
| 035 | _a(Sirsi) u145198 | ||
| 041 | 0 | _aeng | |
| 050 | 0 | 4 | _a333.33 $2 18 |
| 110 | 2 |
_aRoyal Institution of Chartered Surveyors _bEconomics _95033 |
|
| 245 | 0 | 0 |
_aRICS global real estate weekly _b12 September 2008 _h[electronic resource] |
| 260 |
_aLondon _bRICS _c2008 |
||
| 490 | 0 |
_aRICS Global Real Estate Weekly _v12 September 2008 |
|
| 520 | _aCovers: the latest US National Association of Home Buyers sentiment index and the impact of the tax credit on future sales; euro area construction output is expected to fall; interest rates in Japan are on hold despite rising inflation and the implications for commercial property; Hong Kong unemployment figures and commercial tenant demand. | ||
| 590 | _aKA | ||
| 650 | 2 | 4 | _aRICS GLOBAL REAL ESTATE WEEKLY |
| 651 | 4 | _aInternational | |
| 690 | _aBUILT ENVIRONMENT-CONSTRUCTION MARKET | ||
| 690 | _aPROPERTY-COMMERCIAL PROPERTY-COMMERCIAL PROPERTY MARKET | ||
| 690 | _aPROPERTY-RESIDENTIAL PROPERTY-RESIDENTIAL PROPERTY MARKET | ||
| 856 | 4 | 0 |
_uhttps://www4.rics.org/site/scripts/download_info.aspx?downloadID=1139 _zView the report free of charge at www.rics.org... |
| 942 | _n0 | ||
| 999 |
_c108723 _d108723 |
||